[Event "35t. Copenhagen Open (Politiken Cup)"]
[Site "Elsinore"]
[Date "2013.08.01"]
[Round "7"]
[White "Rosenkilde, Alexander"]
[Black "Hinrichs, Jan"]
[Result "1/2-1/2"]
[WhiteElo "2260"]
[BlackElo "2072"]
[PlyCount "67"]
[EventDate "2013.07.27"]
[EventType "swiss"]
[EventRounds "10"]
[EventCountry "DEN"]
[Source "ChessBase"]
[SourceDate "2013.08.26"]

1. d4 d5 2. c4 e6 3. Nf3 c5 4. cxd5 exd5 5. Nc3 Nc6 6. g3 Nf6 7. Bg2 Be7 8. O-O
O-O 9. dxc5 Bxc5 10. Na4 Bd6 11. Be3 Re8 12. Rc1 Rxe3 13. fxe3 Ng4 14. Qd2 Qe7
15. Nc3 Qxe3+ 16. Kh1 Nf2+ 17. Rxf2 Qxf2 18. Nxd5 Be6 19. Ng5 Rd8 20. Nxe6 fxe6
21. Rf1 Qc5 22. Nf4 Qd4 23. Qxd4 Nxd4 24. e3 g5 25. exd4 gxf4 26. gxf4 Bb8 27.
Bh3 Kf7 28. f5 e5 29. dxe5 Bxe5 30. Rf2 Rd1+ 31. Kg2 Rb1 32. b3 Rb2 33. Rxb2
Bxb2 34. Bg4 1/2-1/2

[Event "35t. Copenhagen Open (Politiken Cup)"]
[Site "Elsinore"]
[Date "2013.08.01"]
[Round "7"]
[White "Rydstrom, Tom"]
[Black "Teplyi, Igor"]
[Result "0-1"]
[WhiteElo "2172"]
[BlackElo "2409"]
[PlyCount "68"]
[EventDate "2013.07.27"]
[EventType "swiss"]
[EventRounds "10"]
[EventCountry "DEN"]
[Source "ChessBase"]
[SourceDate "2013.08.26"]

1. e4 c5 2. Nf3 d6 3. d4 cxd4 4. Nxd4 Nf6 5. Nc3 a6 6. Bg5 Nbd7 7. Bc4 Qb6 8.
Bb3 e6 9. Qd2 Be7 10. f3 Nc5 11. O-O-O Qc7 12. Kb1 Bd7 13. g4 b5 14. a3 Qb7 15.
Rhe1 O-O 16. Be3 Rfc8 17. g5 Ne8 18. Ba2 a5 19. Nce2 b4 20. Ka1 Bf8 21. h4 Rab8
22. Rb1 g6 23. Ng3 Bg7 24. h5 Nc7 25. hxg6 hxg6 26. Bc4 d5 27. exd5 Nxd5 28.
Bf2 Nb6 29. Bf1 Ba4 30. b3 Be8 31. Ka2 Nd5 32. Nge2 e5 33. Bh3 Rd8 34. Bg3 Ra8
0-1

[Event "35t. Copenhagen Open (Politiken Cup)"]
[Site "Elsinore"]
[Date "2013.08.01"]
[Round "7"]
[White "Saduakassova, Dinara"]
[Black "Martinsen, Stig K"]
[Result "1-0"]
[WhiteElo "2340"]
[BlackElo "2164"]
[PlyCount "127"]
[EventDate "2013.07.27"]
[EventType "swiss"]
[EventRounds "10"]
[EventCountry "DEN"]
[Source "ChessBase"]
[SourceDate "2013.08.26"]

1. d4 e6 2. c4 f5 3. Nc3 Nf6 4. g3 Be7 5. Bg2 O-O 6. Nh3 d6 7. O-O e5 8. dxe5
dxe5 9. Qxd8 Rxd8 10. Nd5 Nxd5 11. Bxd5+ Kf8 12. Ng5 Bxg5 13. Bxg5 Re8 14. Bd2
a5 15. Be3 Nd7 16. Rfd1 c6 17. Bg2 a4 18. b4 e4 19. Bd4 c5 20. bxc5 Nb8 21. f3
exf3 22. Bxf3 Nc6 23. Rab1 Re7 24. Bc3 a3 25. Kf2 Ra4 26. Bd5 Be6 27. Rd3 Bf7
28. Rf3 g6 29. Bf6 Rc7 30. Rfb3 Ra7 31. Bg5 Nd4 32. Rxb7 Raxb7 33. Rxb7 Rxb7
34. Bxb7 Bxc4 35. Be3 Ne6 36. Bc1 Ke8 37. Bxa3 Bxa2 38. Bc6+ Kd8 39. Bb4 Nd4
40. Bg2 Kd7 41. Bc3 Ne6 42. c6+ Kd6 43. Bb4+ Kc7 44. Ba5+ Kd6 45. e3 Bc4 46.
Ke1 Ng5 47. c7 Ba6 48. Kd2 Ne4+ 49. Kc2 h5 50. Bf1 Bc8 51. Bc4 Ng5 52. Kc3 Nf3
53. h4 g5 54. Bf7 gxh4 55. Bxh5 Ne1 56. gxh4 Ng2 57. Kd4 Nxh4 58. Be1 Ng2 59.
Bg3+ f4 60. exf4 Kxc7 61. f5+ Kd8 62. f6 Bb7 63. f7 Ke7 64. Bd6+ 1-0

[Event "35t. Copenhagen Open (Politiken Cup)"]
[Site "Elsinore"]
[Date "2013.08.01"]
[Round "7"]
[White "Schmidt, Kristian"]
[Black "Thaler, Toni"]
[Result "1-0"]
[WhiteElo "2272"]
[BlackElo "2091"]
[PlyCount "59"]
[EventDate "2013.07.27"]
[EventType "swiss"]
[EventRounds "10"]
[EventCountry "DEN"]
[Source "ChessBase"]
[SourceDate "2013.08.26"]

1. e4 c5 2. Nf3 Nc6 3. d4 cxd4 4. Nxd4 Nf6 5. Nc3 e5 6. Ndb5 d6 7. Bg5 a6 8.
Na3 Be6 9. Nc4 Rc8 10. Bxf6 gxf6 11. Ne3 Bh6 12. Bd3 Rg8 13. Ncd5 Bxe3 14. Nxe3
Nb4 15. O-O Ke7 16. c3 Nxd3 17. Qxd3 Qa5 18. Kh1 Qb5 19. Qd2 a5 20. f4 exf4 21.
Rxf4 Qg5 22. Raf1 Rg6 23. Nf5+ Bxf5 24. exf5 Rgg8 25. R1f3 Qg7 26. Rg3 Qf8 27.
Qd5 Rc6 28. Qb5 Rc7 29. Re3+ Kd8 30. Rfe4 1-0

[Event "35t. Copenhagen Open (Politiken Cup)"]
[Site "Elsinore"]
[Date "2013.08.01"]
[Round "7"]
[White "Segovia Sanchez, Antonio"]
[Black "Nilsen, Martin"]
[Result "1-0"]
[WhiteElo "2059"]
[BlackElo "1820"]
[PlyCount "135"]
[EventDate "2013.07.27"]
[EventType "swiss"]
[EventRounds "10"]
[EventCountry "DEN"]
[Source "ChessBase"]
[SourceDate "2013.08.26"]

1. d4 d5 2. Bf4 Nf6 3. e3 c6 4. c3 Bf5 5. Nf3 Qb6 6. Qb3 Qxb3 7. axb3 Nbd7 8.
b4 Nh5 9. Be2 Nxf4 10. exf4 e6 11. O-O Bd6 12. g3 Nf6 13. Nbd2 Ke7 14. Rfe1 Ne4
15. Nb3 Bc7 16. Nh4 Bg6 17. Bf1 Nd6 18. Bh3 Kf6 19. Nc5 Rhd8 20. g4 h6 21. Nxe6
fxe6 22. g5+ hxg5 23. Rxe6+ Kf7 24. Nxg6 gxf4 25. Re7+ Kxg6 26. Rxc7 Re8 27.
Bg4 a6 28. Kg2 Rab8 29. Kf3 Ne4 30. Rg1 Ng5+ 31. Kxf4 Rf8+ 32. Ke3 Rbe8+ 33.
Kd3 Kh6 34. Rg2 Nf3 35. Bxf3 Rxf3+ 36. Kd2 g5 37. Rxb7 Rf6 38. Ra7 Ref8 39.
Rxa6 Rxf2+ 40. Rxf2 Rxf2+ 41. Ke3 Rxb2 42. Rxc6+ Kg7 43. Rc5 Rxh2 44. Rxd5 Kf6
45. c4 Rh3+ 46. Ke4 Rb3 47. Rd6+ Kf7 48. Kf5 Rxb4 49. c5 Rb2 50. Kxg5 Rf2 51.
d5 Ke7 52. Re6+ Kd8 53. Rc6 Rd2 54. Rd6+ Kc7 55. Kf5 Rd1 56. Kf6 Rc1 57. Rc6+
Kd7 58. Kf7 Rh1 59. Rg6 Rh5 60. c6+ Kc7 61. Ke6 Rh7 62. Rf6 Kd8 63. Kd6 Rd7+
64. Kc5 Ra7 65. d6 Ke8 66. c7 Kd7 67. Rf7+ Ke6 68. Re7+ 1-0

[Event "35t. Copenhagen Open (Politiken Cup)"]
[Site "Elsinore"]
[Date "2013.08.01"]
[Round "7"]
[White "Sivaranjan, Aschmirthan"]
[Black "Thybo, Jan"]
[Result "1-0"]
[WhiteElo "1583"]
[BlackElo "1303"]
[PlyCount "31"]
[EventDate "2013.07.27"]
[EventType "swiss"]
[EventRounds "10"]
[EventCountry "DEN"]
[Source "ChessBase"]
[SourceDate "2013.08.26"]

1. e4 d6 2. d4 g6 3. Nf3 Bg7 4. Nc3 Nf6 5. h3 O-O 6. Be3 Nc6 7. Qd2 e5 8. d5
Ne7 9. Bh6 Nh5 10. g3 Bxh6 11. Qxh6 f5 12. g4 Nf6 13. gxf5 Kh8 14. Rg1 Neg8 15.
Qg5 gxf5 16. Qg7# 1-0

[Event "35t. Copenhagen Open (Politiken Cup)"]
[Site "Elsinore"]
[Date "2013.08.01"]
[Round "7"]
[White "Sjol, Henrik"]
[Black "Merkesvik, Frode"]
[Result "1-0"]
[WhiteElo "1871"]
[BlackElo "1611"]
[PlyCount "65"]
[EventDate "2013.07.27"]
[EventType "swiss"]
[EventRounds "10"]
[EventCountry "DEN"]
[Source "ChessBase"]
[SourceDate "2013.08.26"]

1. d4 Nf6 2. Nf3 g6 3. c4 Bg7 4. Nc3 d5 5. Bf4 a6 6. e3 Bg4 7. h3 Bxf3 8. Qxf3
e6 9. Be2 c6 10. O-O Nbd7 11. Rac1 Nh5 12. Bh2 f5 13. b4 O-O 14. a4 e5 15. dxe5
Nxe5 16. Bxe5 Bxe5 17. cxd5 Bxc3 18. Rxc3 cxd5 19. Rd1 Nf6 20. Bc4 Kg7 21. Bxd5
Qb6 22. Bxb7 Rab8 23. Bd5 Qxb4 24. Rc7+ Kh6 25. Rd4 Qb1+ 26. Kh2 Rb4 27. Qf4+
g5 28. Qd6 Rbb8 29. Bf7 Rxf7 30. Rxf7 Rg8 31. Rxf6+ Rg6 32. Rxg6+ hxg6 33. Qf8+
1-0

[Event "35t. Copenhagen Open (Politiken Cup)"]
[Site "Elsinore"]
[Date "2013.08.01"]
[Round "7"]
[White "Skovgaard, Ib"]
[Black "Fjellengen, Baard"]
[Result "1-0"]
[WhiteElo "2036"]
[BlackElo "1869"]
[PlyCount "39"]
[EventDate "2013.07.27"]
[EventType "swiss"]
[EventRounds "10"]
[EventCountry "DEN"]
[Source "ChessBase"]
[SourceDate "2013.08.26"]

1. e4 e5 2. Nf3 Nc6 3. Bb5 Bc5 4. O-O d6 5. c3 Bg4 6. d4 exd4 7. cxd4 Bxf3 8.
gxf3 Bb4 9. d5 a6 10. Be2 Ne5 11. Qa4+ b5 12. Qxb4 Qf6 13. f4 Qg6+ 14. Kh1 Ng4
15. Bxg4 Qxg4 16. f3 Qh3 17. Qe1 h5 18. Nc3 h4 19. f5 g6 20. Ne2 1-0

[Event "35t. Copenhagen Open (Politiken Cup)"]
[Site "Elsinore"]
[Date "2013.08.01"]
[Round "7"]
[White "Soors, Stef"]
[Black "Vistisen, Lars"]
[Result "1-0"]
[WhiteElo "2405"]
[BlackElo "2177"]
[PlyCount "87"]
[EventDate "2013.07.27"]
[EventType "swiss"]
[EventRounds "10"]
[EventCountry "DEN"]
[Source "ChessBase"]
[SourceDate "2013.08.26"]

1. e4 e5 2. Nf3 Nc6 3. Nc3 Nf6 4. d4 exd4 5. Nxd4 Bb4 6. Nxc6 bxc6 7. Bd3 d5 8.
exd5 cxd5 9. O-O O-O 10. h3 c6 11. Qf3 Rb8 12. Bf4 Rb7 13. Na4 Re8 14. c4 Be6
15. Rac1 Qa5 16. b3 dxc4 17. Bxc4 Bd5 18. Bxd5 cxd5 19. Rfd1 Rd7 20. Be3 Ne4
21. Bd4 Ng5 22. Qg4 Ne6 23. Bb2 Bf8 24. f4 d4 25. f5 h5 26. Qe4 Nc7 27. Qf3 Re3
28. Qxh5 d3 29. Bc3 Qd5 30. Qg4 Nb5 31. Bxg7 Re4 32. Qg5 Bxg7 33. Rc8+ Kh7 34.
Qh5+ Bh6 35. Rh8+ Kxh8 36. Qxh6+ Kg8 37. f6 Qd4+ 38. Kh1 Rg4 39. hxg4 Qxg4 40.
Re1 Nd6 41. Re5 Rc7 42. Rg5+ Qxg5 43. Qxg5+ Kf8 44. Nc5 1-0

[Event "35t. Copenhagen Open (Politiken Cup)"]
[Site "Elsinore"]
[Date "2013.08.01"]
[Round "7"]
[White "Stojanovski, Sandi"]
[Black "Portisch, Lajos"]
[Result "1/2-1/2"]
[WhiteElo "2270"]
[BlackElo "2479"]
[PlyCount "62"]
[EventDate "2013.07.27"]
[EventType "swiss"]
[EventRounds "10"]
[EventCountry "DEN"]
[Source "ChessBase"]
[SourceDate "2013.08.26"]

1. d4 Nf6 2. c4 e6 3. Nc3 Bb4 4. e3 c5 5. Bd3 Nc6 6. Nf3 Bxc3+ 7. bxc3 d6 8.
O-O e5 9. Nd2 O-O 10. Re1 h6 11. d5 Ne7 12. f4 exf4 13. exf4 Bf5 14. Ne4 Ng6
15. Ng3 Bxd3 16. Qxd3 Qd7 17. Nf5 Rfe8 18. Bd2 Rxe1+ 19. Rxe1 Re8 20. Rxe8+
Nxe8 21. Qb1 Nf6 22. h3 Ne7 23. Ne3 g6 24. Kf2 Nc8 25. Ng4 Nxg4+ 26. hxg4 Nb6
27. f5 h5 28. Qe4 Kg7 29. fxg6 Qxg4 30. Bf4 Nd7 31. gxf7 Nf6 1/2-1/2

[Event "35t. Copenhagen Open (Politiken Cup)"]
[Site "Elsinore"]
[Date "2013.08.01"]
[Round "7"]
[White "Stray, Gunnar"]
[Black "Royset, Pal"]
[Result "1/2-1/2"]
[WhiteElo "2056"]
[BlackElo "2170"]
[PlyCount "35"]
[EventDate "2013.07.27"]
[EventType "swiss"]
[EventRounds "10"]
[EventCountry "DEN"]
[Source "ChessBase"]
[SourceDate "2013.08.26"]

1. Nf3 c5 2. g3 Nc6 3. Bg2 d5 4. d4 Nf6 5. O-O cxd4 6. Nxd4 Qb6 7. Nxc6 bxc6 8.
c4 e6 9. Nc3 Be7 10. cxd5 cxd5 11. e4 O-O 12. exd5 Nxd5 13. Nxd5 exd5 14. Be3
Qxb2 15. Rb1 Qa3 16. Qxd5 Ba6 17. Rfc1 Rac8 18. Rxc8 1/2-1/2

[Event "35t. Copenhagen Open (Politiken Cup)"]
[Site "Elsinore"]
[Date "2013.08.01"]
[Round "7"]
[White "Svorono, Gabriel"]
[Black "Hansen, Morten Moller"]
[Result "1/2-1/2"]
[WhiteElo "1819"]
[BlackElo "2126"]
[PlyCount "105"]
[EventDate "2013.07.27"]
[EventType "swiss"]
[EventRounds "10"]
[EventCountry "DEN"]
[Source "ChessBase"]
[SourceDate "2013.08.26"]

1. e4 c6 2. d4 d5 3. Nc3 dxe4 4. Nxe4 Bf5 5. Ng3 Bg6 6. Nf3 e6 7. h4 h6 8. Ne5
Bh7 9. Qh5 Qe7 10. Bd3 Bxd3 11. Nxd3 Nf6 12. Qf3 Nbd7 13. Bd2 Qd6 14. c3 O-O-O
15. O-O-O Qd5 16. Qxd5 cxd5 17. Bf4 b5 18. b4 Kb7 19. Rhe1 Ra8 20. f3 Rg8 21.
Nf1 Be7 22. Nc5+ Nxc5 23. bxc5 Nh5 24. Be3 Bxh4 25. Re2 Bd8 26. g4 Nf6 27. Bf4
Bc7 28. Bxc7 Kxc7 29. Ng3 a5 30. a3 Rgb8 31. Rb2 Rb7 32. Kc2 Nd7 33. Nh5 g6 34.
Nf4 Rh8 35. Rdb1 Kc6 36. a4 b4 37. cxb4 Rxb4 38. Rxb4 axb4 39. Rxb4 e5 40. Nd3
exd4 41. Rxd4 h5 42. Nb4+ Kxc5 43. Rxd5+ Kxb4 44. Rxd7 h4 45. Rxf7 Kxa4 46. Kd3
g5 47. Ke4 h3 48. Ra7+ Kb4 49. Ra1 Kc3 50. f4 gxf4 51. Kxf4 h2 52. Rh1 Kd4 53.
Kg3 1/2-1/2

[Event "35t. Copenhagen Open (Politiken Cup)"]
[Site "Elsinore"]
[Date "2013.08.01"]
[Round "7"]
[White "Taksrud, Vidar"]
[Black "Gandrud, Vegar Koi"]
[Result "0-1"]
[WhiteElo "2050"]
[BlackElo "2267"]
[PlyCount "74"]
[EventDate "2013.07.27"]
[EventType "swiss"]
[EventRounds "10"]
[EventCountry "DEN"]
[Source "ChessBase"]
[SourceDate "2013.08.26"]

1. e4 c5 2. Nc3 g6 3. g3 Bg7 4. Bg2 e6 5. Nge2 Nc6 6. d3 d6 7. Be3 Nge7 8. Qd2
Nd4 9. Nf4 Rb8 10. a4 O-O 11. O-O a6 12. Rab1 b5 13. b4 cxb4 14. Rxb4 a5 15.
Rxd4 Bxd4 16. Bxd4 e5 17. Be3 exf4 18. Bxf4 bxa4 19. Bh6 Re8 20. Nxa4 f6 21.
Qc3 Kf7 22. h4 Be6 23. Bc1 Qd7 24. Nb2 Rec8 25. Nc4 Bxc4 26. dxc4 Rb4 27. Rd1
Rcxc4 28. Qe3 Rb1 29. e5 fxe5 30. Be4 Qg4 31. Bf3 Qf5 32. c3 Qc2 33. Kg2 Rxc3
34. Qh6 Rxf3 35. Qxh7+ Ke6 36. Rf1 Rxc1 37. Rxc1 Rxf2+ 0-1

[Event "35t. Copenhagen Open (Politiken Cup)"]
[Site "Elsinore"]
[Date "2013.08.01"]
[Round "7"]
[White "Tallaksen, Henrik G"]
[Black "Standal, Bard"]
[Result "1/2-1/2"]
[WhiteElo "1725"]
[BlackElo "1807"]
[PlyCount "39"]
[EventDate "2013.07.27"]
[EventType "swiss"]
[EventRounds "10"]
[EventCountry "DEN"]
[Source "ChessBase"]
[SourceDate "2013.08.26"]

1. c4 Nf6 2. Nc3 g6 3. g3 Bg7 4. Bg2 c6 5. Nf3 d6 6. O-O Nbd7 7. d3 O-O 8. Bd2
e5 9. Rb1 a5 10. a3 Qc7 11. b4 axb4 12. axb4 Re8 13. e4 Nf8 14. Qc2 Ne6 15. Ra1
Bd7 16. Ra2 Rxa2 17. Qxa2 b6 18. Ra1 Rb8 19. Qa7 Rb7 20. Qa8+ 1/2-1/2

[Event "35t. Copenhagen Open (Politiken Cup)"]
[Site "Elsinore"]
[Date "2013.08.01"]
[Round "7"]
[White "Thiry, Jean Christophe"]
[Black "Collins, Alan"]
[Result "1-0"]
[WhiteElo "1981"]
[BlackElo "1740"]
[PlyCount "65"]
[EventDate "2013.07.27"]
[EventType "swiss"]
[EventRounds "10"]
[EventCountry "DEN"]
[Source "ChessBase"]
[SourceDate "2013.08.26"]

1. d4 d6 2. Bf4 Bf5 3. Nf3 Nf6 4. h3 e6 5. c4 c6 6. Nc3 d5 7. Qb3 Qb6 8. e3
dxc4 9. Bxc4 Qxb3 10. Bxb3 Nbd7 11. O-O Be7 12. Rfe1 Ne4 13. Nxe4 Bxe4 14. Nd2
Bg6 15. e4 Bb4 16. a3 Bxd2 17. Bxd2 O-O 18. Bc3 Rfe8 19. f4 Kh8 20. g4 f5 21.
gxf5 exf5 22. e5 Nb6 23. e6 Nd5 24. Bxd5 cxd5 25. Re5 Rad8 26. Bb4 Bh5 27. Kf2
b6 28. Rc1 Rc8 29. Rxc8 Rxc8 30. Rxd5 h6 31. e7 Re8 32. h4 Bd1 33. Rd7 1-0

[Event "35t. Copenhagen Open (Politiken Cup)"]
[Site "Elsinore"]
[Date "2013.08.01"]
[Round "7"]
[White "Thybo, Jesper Sondergaard"]
[Black "Cherednichenko, Svetlana"]
[Result "1/2-1/2"]
[WhiteElo "2097"]
[BlackElo "2290"]
[PlyCount "138"]
[EventDate "2013.07.27"]
[EventType "swiss"]
[EventRounds "10"]
[EventCountry "DEN"]
[Source "ChessBase"]
[SourceDate "2013.08.26"]

1. d4 f5 2. Bg5 h6 3. Bh4 g5 4. e4 Bg7 5. Bg3 fxe4 6. h4 Nf6 7. hxg5 hxg5 8.
Rxh8+ Bxh8 9. Qd2 d5 10. Nc3 c6 11. O-O-O Be6 12. f3 Nbd7 13. fxe4 dxe4 14.
Qxg5 Qb6 15. a3 Kf7 16. Nh3 Rg8 17. Qh4 Qa5 18. Be2 Bxh3 19. gxh3 Qg5+ 20. Qxg5
Rxg5 21. Rg1 Nb6 22. Bh2 Rxg1+ 23. Bxg1 Nbd5 24. Nxd5 cxd5 25. a4 Kg6 26. c3
Kg5 27. Bf2 Kf4 28. Kd2 Bg7 29. a5 a6 30. b4 e6 31. Bd1 Bf8 32. Be3+ Kf5 33.
Bf2 Bh6+ 34. Be3 Bf8 35. Ke1 Bd6 36. Be2 Bg3+ 37. Kf1 Bc7 38. Kg2 Bd6 39. Bd1
Bc7 40. Ba4 Bd6 41. Kf1 Bc7 42. Kf2 Bd6 43. Kf1 Bg3 44. b5 axb5 45. Bxb5 Bc7
46. a6 bxa6 47. Bxa6 Ba5 48. c4 dxc4 49. Bxc4 Nd5 50. Kf2 Bd8 51. Bb3 Bh4+ 52.
Ke2 Bd8 53. Bc2 Bf6 54. Kf2 Bd8 55. Ke2 Bb6 56. Bf2 Kf4 57. Bb3 Bd8 58. Bc4 Kf5
59. Bg3 Bf6 60. Bf2 Nf4+ 61. Kf1 Nxh3 62. Be3 Bg5 63. Kg2 Bxe3 64. Kxh3 Bxd4
65. Kg2 e5 66. Kf1 Kf4 67. Ke2 e3 68. Ba6 e4 69. Bc8 Bc5 1/2-1/2

[Event "35t. Copenhagen Open (Politiken Cup)"]
[Site "Elsinore"]
[Date "2013.08.01"]
[Round "7"]
[White "Torgersen, Markus"]
[Black "Thybo, Thomas Sondergaard"]
[Result "1/2-1/2"]
[WhiteElo "1737"]
[BlackElo "1512"]
[PlyCount "59"]
[EventDate "2013.07.27"]
[EventType "swiss"]
[EventRounds "10"]
[EventCountry "DEN"]
[Source "ChessBase"]
[SourceDate "2013.08.26"]

1. d4 c5 2. d5 Nf6 3. c4 b5 4. cxb5 Qa5+ 5. Nc3 Bb7 6. d6 Ne4 7. dxe7 Bxe7 8.
Bd2 Nxd2 9. Qxd2 d5 10. e4 d4 11. Nd5 Qxd2+ 12. Kxd2 Bg5+ 13. Kd3 Bxd5 14. exd5
O-O 15. Nf3 Bf6 16. Nd2 Nd7 17. g3 Ne5+ 18. Kc2 Rac8 19. f4 Ng4 20. Nc4 Ne3+
21. Nxe3 dxe3 22. Re1 Rfe8 23. b3 Bd4 24. Bc4 g6 25. Kd3 Kg7 26. b4 Rcd8 27.
Re2 f5 28. bxc5 Bxc5 29. Kc3 Rc8 30. Kb3 1/2-1/2

[Event "35t. Copenhagen Open (Politiken Cup)"]
[Site "Elsinore"]
[Date "2013.08.01"]
[Round "7"]
[White "Torkilseng, Runar"]
[Black "Yilmaz, Kazim"]
[Result "1/2-1/2"]
[WhiteElo "1827"]
[BlackElo "1651"]
[PlyCount "43"]
[EventDate "2013.07.27"]
[EventType "swiss"]
[EventRounds "10"]
[EventCountry "DEN"]
[Source "ChessBase"]
[SourceDate "2013.08.26"]

1. d4 Nf6 2. c4 e6 3. Nc3 Be7 4. Nf3 d5 5. e3 c5 6. Be2 O-O 7. O-O b6 8. dxc5
Bxc5 9. cxd5 exd5 10. b3 Bb7 11. Bb2 Qe7 12. a3 a5 13. Na4 Bc6 14. Nxc5 bxc5
15. Ne5 Rd8 16. Qc2 d4 17. exd4 cxd4 18. Nxc6 Nxc6 19. Bf3 Rac8 20. Bxc6 Rd6
21. Qd2 Rcxc6 22. Rfe1 1/2-1/2

[Event "35t. Copenhagen Open (Politiken Cup)"]
[Site "Elsinore"]
[Date "2013.08.01"]
[Round "7"]
[White "Willumsen, Henrik"]
[Black "Roggensack, Hans Peter"]
[Result "0-1"]
[WhiteElo "2127"]
[BlackElo "1950"]
[PlyCount "102"]
[EventDate "2013.07.27"]
[EventType "swiss"]
[EventRounds "10"]
[EventCountry "DEN"]
[Source "ChessBase"]
[SourceDate "2013.08.26"]

1. e4 e5 2. Nf3 Nf6 3. Nxe5 d6 4. Nf3 Nxe4 5. d4 d5 6. Bd3 Nc6 7. O-O Be7 8. c4
Nb4 9. cxd5 Nxd3 10. Qxd3 Qxd5 11. Re1 Bf5 12. Ne5 Nd6 13. Nc3 Qe6 14. Qf1 O-O
15. Bf4 Bd8 16. Re3 Qc8 17. Rae1 a6 18. d5 Bf6 19. Nc4 Qd7 20. Bxd6 cxd6 21.
Nb6 Qd8 22. Nxa8 Qxa8 23. Qc4 Qd8 24. Ne4 Be5 25. Ng3 Bd7 26. f4 b5 27. Qd3
Bxf4 28. Rf3 Be5 29. Nf5 Bxb2 30. Rh3 g6 31. Ne7+ Kg7 32. Qd2 Be5 33. Qh6+ Kf6
34. Qh4+ g5 35. Qf2+ Kxe7 36. Rxe5+ dxe5 37. Qc5+ Ke8 38. Rxh7 Qc8 39. Qe3 Qc7
40. Rh6 f6 41. h4 gxh4 42. Rh7 Qc4 43. Qh6 Qd4+ 44. Kh1 Qxd5 45. Qxh4 Qd1+ 46.
Kh2 Qg4 47. Qe1 Rg8 48. g3 Qf3 49. Rh6 Bc6 50. Kh3 Qg2+ 51. Kh4 Qh2# 0-1

[Event "35t. Copenhagen Open (Politiken Cup)"]
[Site "Elsinore"]
[Date "2013.08.01"]
[Round "7"]
[White "Zyde, Fadmal"]
[Black "Nielsen, Ejgild"]
[Result "1-0"]
[WhiteElo "1675"]
[BlackElo "1900"]
[PlyCount "120"]
[EventDate "2013.07.27"]
[EventType "swiss"]
[EventRounds "10"]
[EventCountry "DEN"]
[Source "ChessBase"]
[SourceDate "2013.08.26"]

1. e4 c6 2. d4 d5 3. exd5 cxd5 4. Nf3 Bg4 5. h3 Bf5 6. Bd3 Bxd3 7. Qxd3 Qb6 8.
Nc3 e6 9. O-O Nd7 10. Re1 Ngf6 11. Ne5 Rd8 12. Ne2 Nxe5 13. dxe5 Ne4 14. Nd4 a6
15. c3 Rc8 16. f3 Nc5 17. Qe2 Qc7 18. Bf4 Qd8 19. Kh2 Be7 20. Be3 O-O 21. Nc2
Na4 22. Nd4 Bg5 23. f4 Bh6 24. Rf1 g6 25. Rf2 Bg7 26. Qg4 Nc5 27. Rd1 Qe7 28.
h4 Ne4 29. Rf3 Rce8 30. h5 f5 31. Qh3 g5 32. g4 gxf4 33. Bxf4 Ng5 34. Qg3 Ne4
35. Qh3 h6 36. gxf5 Ng5 37. Bxg5 Bxe5+ 38. Bf4 exf5 39. Rg1+ Kh7 40. Bxe5 Qxe5+
41. Qg3 Rf6 42. Qxe5 Rxe5 43. Rgf1 f4 44. Rxf4 Rxh5+ 45. Kg3 Rg5+ 46. Kh4 Rb6
47. b3 Rbg6 48. Rf7+ Kg8 49. Rf8+ Kh7 50. R1f7+ Rg7 51. Rxg7+ Rxg7 52. Rd8 Rc7
53. Rxd5 Rxc3 54. Rd7+ Kg8 55. Rxb7 Rd3 56. Nf5 Rd2 57. Nxh6+ Kf8 58. a4 Rd4+
59. Kg5 Ke8 60. Kf5 Kd8 1-0

[Event "35t. Copenhagen Open (Politiken Cup)"]
[Site "Elsinore"]
[Date "2013.08.02"]
[Round "8"]
[White "Ancion, Merowig"]
[Black "Stray, Gunnar"]
[Result "1/2-1/2"]
[WhiteElo "1954"]
[BlackElo "2056"]
[PlyCount "100"]
[EventDate "2013.07.27"]
[EventType "swiss"]
[EventRounds "10"]
[EventCountry "DEN"]
[Source "ChessBase"]
[SourceDate "2013.08.26"]

1. e4 c5 2. Nf3 e6 3. c3 Nf6 4. e5 Nd5 5. Bc4 d6 6. d4 cxd4 7. cxd4 Nc6 8. O-O
Be7 9. Qe2 Nb6 10. Bb3 d5 11. Nc3 a6 12. Bc2 Bd7 13. b3 Rc8 14. Bd2 Nb4 15. Bb1
Nc6 16. a3 h6 17. Rc1 Na5 18. Bc2 Na8 19. Qe1 Nc6 20. b4 Nb6 21. Bd3 Na7 22.
Nd1 Bb5 23. Bxb5+ axb5 24. Rxc8 Qxc8 25. Rc1 Qd7 26. Rc3 Nc4 27. Bc1 Nc8 28.
Nb2 N8b6 29. h4 Qd8 30. g3 Na4 31. Nxa4 bxa4 32. Qd1 Qd7 33. Ne1 O-O 34. Qg4
Kh8 35. Ng2 Rc8 36. Qd1 Bf8 37. h5 Nb6 38. Qc2 Rxc3 39. Qxc3 Qc6 40. Qxc6 bxc6
41. Ne3 Be7 42. f4 Kg8 43. Kf2 Kf8 44. Nd1 Ke8 45. Nc3 Kd7 46. Kf3 f5 47. g4
Ke8 48. Ne2 Bh4 49. Nc3 Be1 50. Nd1 Nc4 1/2-1/2

[Event "35t. Copenhagen Open (Politiken Cup)"]
[Site "Elsinore"]
[Date "2013.08.02"]
[Round "8"]
[White "Andersen, Claus"]
[Black "Nilssen, Ellen Fredericia"]
[Result "1/2-1/2"]
[WhiteElo "1806"]
[BlackElo "1544"]
[PlyCount "84"]
[EventDate "2013.07.27"]
[EventType "swiss"]
[EventRounds "10"]
[EventCountry "DEN"]
[Source "ChessBase"]
[SourceDate "2013.08.26"]

1. c4 e6 2. g3 d5 3. Bg2 Be7 4. Nc3 c6 5. cxd5 exd5 6. d3 Nf6 7. Nf3 h6 8. O-O
O-O 9. d4 Re8 10. Bf4 Bf5 11. Ne5 Nbd7 12. Qb3 Nb6 13. Na4 Nxa4 14. Qxa4 Qb6
15. b3 Nd7 16. Nxd7 Bxd7 17. Bd2 Bf6 18. e3 Qc7 19. b4 Be7 20. Qc2 Bd6 21. Rfc1
a6 22. Bxd5 Qd8 23. Bg2 Qe7 24. a3 Rac8 25. e4 Bc7 26. Be3 Bg4 27. Qd2 Bh5 28.
Rf1 Bg6 29. Rae1 Rcd8 30. f4 Bxe4 31. Bf2 f5 32. g4 Qf7 33. Bxe4 fxe4 34. f5
Bb6 35. Be3 Qd5 36. Rd1 Rd7 37. f6 Red8 38. Qf2 Rf7 39. Qh4 Rdf8 40. Rf5 Qd6
41. fxg7 Kxg7 42. Qf2 Rxf5 1/2-1/2

[Event "35t. Copenhagen Open (Politiken Cup)"]
[Site "Elsinore"]
[Date "2013.08.02"]
[Round "8"]
[White "Andersen, Rune"]
[Black "Kristensen, Bjarke Hautop"]
[Result "0-1"]
[WhiteElo "2083"]
[BlackElo "1921"]
[PlyCount "62"]
[EventDate "2013.07.27"]
[EventType "swiss"]
[EventRounds "10"]
[EventCountry "DEN"]
[Source "ChessBase"]
[SourceDate "2013.08.26"]

1. d4 Nf6 2. c4 g6 3. g3 Bg7 4. Bg2 d5 5. Nf3 dxc4 6. Qa4+ Bd7 7. Qxc4 Nc6 8.
O-O O-O 9. e3 Rb8 10. Nc3 Be6 11. Qa4 Nd5 12. Qd1 Nxc3 13. bxc3 Bc4 14. Re1 e5
15. Nd2 Bd5 16. Ba3 Re8 17. e4 exd4 18. cxd4 Nxd4 19. Bb2 Bc6 20. Nc4 Qd7 21.
Rc1 Ba4 22. Qd3 Rbd8 23. e5 Bh6 24. f4 b6 25. Re4 Ne6 26. Qc3 Qd3 27. Nd6 Qxc3
28. Bxc3 cxd6 29. Rxa4 dxe5 30. Bxe5 Nc5 31. Rxa7 Rxe5 0-1

[Event "35t. Copenhagen Open (Politiken Cup)"]
[Site "Elsinore"]
[Date "2013.08.02"]
[Round "8"]
[White "Andreasen, Jakup a Rogvi"]
[Black "Brorsen, Jacob Abildlund"]
[Result "0-1"]
[WhiteElo "2008"]
[BlackElo "2142"]
[PlyCount "48"]
[EventDate "2013.07.27"]
[EventType "swiss"]
[EventRounds "10"]
[EventCountry "DEN"]
[Source "ChessBase"]
[SourceDate "2013.08.26"]

1. d4 Nf6 2. Nf3 g6 3. g3 Bg7 4. Bg2 O-O 5. O-O d6 6. c4 Nc6 7. Nc3 e5 8. d5
Ne7 9. e4 Ne8 10. Ne1 f5 11. Nd3 Nf6 12. f4 exf4 13. Nxf4 Ng4 14. Nb5 c5 15.
exf5 Bxf5 16. h3 Ne5 17. g4 Bc8 18. Ne6 Rxf1+ 19. Bxf1 Bxe6 20. dxe6 N7c6 21.
Nxd6 Nd4 22. Bg2 Qxd6 23. Bxb7 Rf8 24. Kg2 Nef3 0-1